Vyšná Slaná brala body v Brzotíne Krh. Podhradie nadelilo Dedinkám "sedmičku"

Podrobná bibliografia
Hlavní autori: Podolinský, Peter, 1974- (Autor), Csobádi, Karol, 1956-2016 (Autor)
Médium: Článok
Jazyk:slovenčina
Fyzický popis:Fotogr.
ISSN:1335-7581
Predmet:

MARC

LEADER 00000nab a2200000 a 4500
001 vtls009950485
003 SK-MaSNL
005 20260318043932.0
008 090916c20090825xo dr| 0 0slo
038 |a RVGKPD 
040 |a RVGKPD  |b slo  |c RVGKPD  |e AACR2 
041 |a slo 
044 |a xo  |c SK 
080 |a 796.332  |2 1997 
100 1 |a Podolinský, Peter,  |d 1974-  |4 aut  |9 872876 
245 1 0 |a Vyšná Slaná brala body v Brzotíne  |b Krh. Podhradie nadelilo Dedinkám "sedmičku"  |c Peter Podolinský, Karol Csobádi 
300 |b Fotogr. 
650 0 7 |a futbal  |2 rvgkpd  |9 3291 
651 7 |a Rožňava (Slovensko : okres)  |2 rvgkpd  |9 19215 
700 1 |a Csobádi, Karol,  |d 1956-2016  |4 aut  |9 1634959 
773 0 |t Gemerský korzár  |g Roč. XI, č. 197 (25.8.2009), s. 15  |x 1335-7581 
852 |a RVGKPD  |b KIS3G 
992 |a RBX 
999 |c 3341582  |d 3343512